| 000 | 00528nam a22001697a 4500 | ||
|---|---|---|---|
| 008 | 160205b xxu||||| |||| 00| 0 eng d | ||
| 020 | _a978-1-118-18058-7 | ||
| 082 |
_22014 _aDC 004.678 _bG13v |
||
| 100 |
_92551 _aGallagher, Simon |
||
| 245 |
_aWMware private cloud computing with vcloud director/ _cSimon Gallagher with Aidan Dalgleish |
||
| 300 |
_axxix, 400 pages; _c24 cm. |
||
| 500 | _aIncludes index. | ||
| 650 | 0 |
_92553 _aCloud computing |
|
| 700 |
_92552 _aDalgleish, Aidan |
||
| 365 |
_b3,475.00 _cPHP. |
||
| 942 |
_2ddc _cDC |
||
| 999 |
_c990 _d990 |
||